000 00452nam a2200157Ia 4500
003 GCL
008 140319s9999 xx 000 0 ara d
040 _aGCL /
_cGCL
082 0 4 _a273.2901
_bف س
100 1 _aفريز صموئيل
245 1 0 _aالسنوات المجهولة من حياة المسيح /
_cفريز صموئيل
300 _a195 ص ؛
_c16 سم
650 0 4 _aالمسيح
650 0 4 _aالمسيح - حياته
942 _2ddc
_cBK
999 _c4988
_d4988